Teste rápido de matemática - Teste curto de matemática - Quiz 6 - Statistics

Estatísticas Gerais
  • Esse quiz foi jogado 31 vezes
  • A pontuação média é 29 de 30
Estatísticas das Respostas
Hint Resposta % Correto
1 x 1 = 1
100%
10 x 1 = 10
100%
5 x 2 = 10
100%
6 x 2 = 12
100%
4 x 3 = 12
100%
7 x 2 = 14
100%
8 x 2 = 16
100%
9 x 2 = 18
100%
6 x 3 = 18
100%
2 x 1 = 2
100%
1 x 2 = 2
100%
3 x 1 = 3
100%
1 x 3 = 3
100%
4 x 1 = 4
100%
2 x 2 = 4
100%
5 x 1 = 5
100%
6 x 1 = 6
100%
3 x 2 = 6
100%
2 x 3 = 6
100%
7 x 1 = 7
100%
8 x 1 = 8
100%
4 x 2 = 8
100%
9 x 1 = 9
100%
3 x 3 = 9
100%
5 x 3 = 15
92%
10 x 2 = 20
92%
7 x 3 = 21
85%
8 x 3 = 24
81%
9 x 3 = 27
81%
10 x 3 = 30
73%
Nenhum quiz correspondente encontrado
Distribuição das Pontuações
Porcentagem de Pessoas com Cada Pontuação
Percentil de Números Respondidos
Sua Pontuação Histórica
Você não jogou esse quiz